Stavte na netradičný podnikateľský model
Netradičný podnikateľský model môže priniesť špecifickú konkurenčnú výhodu. Koncipovanie podnikateľských modelov.
Saved in:
| Main Author: | |
|---|---|
| Format: | Book Chapter |
| Language: | Slovak |
| Subjects: | |
| Tags: |
No Tags, Be the first to tag this record!
|
MARC
| LEADER | 00000nla a2200000 4500 | ||
|---|---|---|---|
| 001 | 0161758 | ||
| 005 | 20240502072815.0 | ||
| 041 | 0 | |a slo | |
| 044 | |a SK | ||
| 245 | 1 | 0 | |a Stavte na netradičný podnikateľský model |c Eliška Záležáková |
| 520 | |a Netradičný podnikateľský model môže priniesť špecifickú konkurenčnú výhodu. Koncipovanie podnikateľských modelov. | ||
| 610 | 2 | 0 | |a modely |
| 610 | 2 | 0 | |a podnikanie |
| 610 | 2 | 0 | |a konkurencieschopnosť |
| 100 | 1 | |a Záležáková, Eliška | |